00706cam a2200193 a 4500020001500000041001400015082001500029100002900044245002500073260009400098300001200192500002000204520008200224650002800306700003000334942000700364952012400371999001700495 a8124018200 aMalayalam a954.83 PAN aPanikkassery, Velayudhan00aKēraḷōlppatti  aKōṭṭayaṃ :bVēlāyudhan PaṇikkaśśeribDistributors, Current Booksc2008. a80 p. ; aIncludes index. aCompilation of a three historical myths on the origin of Kerala civilization. 0aKerala (India): History1 aVelayudhan, Panikkassery, cBK 00104070aHMIbHMIcGENd2018-06-06eCurrent Books, Kottayamg70.00l0o954.83 PANp25500r2018-06-06w2018-06-06yBK c21100d21100